Retórica del decir : (Registro nro. 841)
[ vista simple ]
| 000 -LEADER | |
|---|---|
| fixed length control field | 02587nam a22002537a 4500 |
| 003 - CONTROL NUMBER IDENTIFIER | |
| control field | AR-RoUNCS |
| 005 - DATE AND TIME OF LATEST TRANSACTION | |
| control field | 20251212110510.0 |
| 008 - FIXED-LENGTH DATA ELEMENTS--GENERAL INFORMATION | |
| fixed length control field | 251212t2012 ag |||||r|||| 00| 0 spa d |
| 020 ## - INTERNATIONAL STANDARD BOOK NUMBER | |
| International Standard Book Number | 978-987-22224-9-9 |
| 040 ## - CATALOGING SOURCE | |
| Original cataloging agency | AR-RoUNCS |
| Language of cataloging | spa |
| Transcribing agency | AR-RoUNCS |
| Description conventions | aacr2 |
| 080 ## - UNIVERSAL DECIMAL CLASSIFICATION NUMBER | |
| Authority record control number or standard number | 808:001.81 |
| 245 00 - TITLE STATEMENT | |
| Title | Retórica del decir : |
| Remainder of title | lenguaje, verdad y creencia en la escritura académica / |
| Statement of responsibility, etc. | Liliana Pérez y Patricia Rogieri, directoras. |
| 250 ## - EDITION STATEMENT | |
| Edition statement | 1a ed. |
| 260 ## - PUBLICATION, DISTRIBUTION, ETC. | |
| Place of publication, distribution, etc. | Rosario : |
| Name of publisher, distributor, etc. | Humanidades y Artes Ediciones, |
| Date of publication, distribution, etc. | 2012. |
| 300 ## - PHYSICAL DESCRIPTION | |
| Extent | 284 p. ; |
| Dimensions | 26 cm. |
| 505 0# - FORMATTED CONTENTS NOTE | |
| Formatted contents note | Retórica y Estudios del Lenguaje en la escritura académica -- Lenguaje, tiempo y narración -- Relaciones lógicas y relaciones temporales en la conexión discursiva -- Estrategías de citación en trabajos universitarios : acerca de cómo, cuándo y por qué citar la bibliografía -- Sobre la organización de la frase : estructura argumental y distribución de información -- Impacto de la puntuación en la escritura académica -- Relaciones de dependencia : el caso de las subordinaciones adjetivas -- Algunas consideraciones acerca del lenguaje y sus modos de verdad -- Notas acerca de efectos en las construcciones pasivas -- Control del discurso en la escritura académica : la operación retórico-discursiva de la reformulación -- La reducción inevitable : sobre la definición en el discurso académico. |
| 520 3# - SUMMARY, ETC. | |
| Summary, etc. | El ámbito universitario exige competencias específicas vinculadas a prácticas lingüísticas y de pensamiento propias de la Universidad. El proceso por el que se llega a participar de esta esfera de la actividad humana exige la apropiación de sus formas de razonamiento y sus convenciones discursivas. En un contexto como este "Retóricas del decir" responde a una doble demand, a la vez complementaria e introductoria: la necesidad de continuar el proceso iniciado por la educación sistémica secundaria y la de introducir al estudiante en las exigencias de escritura del mundo universitario. Hemos denominado a esta etapa alfabetización académica.<br/>La insistencia de este primer volumen en modos de decir tipificados constituye una estratégia retórica del primer ciclo del Programa Universitario de Alfabetización y Escritura Académica de la Facultad de Humanidades y Artes de la Universidad Nacional de Rosario (Notas del Editor). |
| 650 #7 - SUBJECT ADDED ENTRY--TOPICAL TERM | |
| Source of heading or term | embne |
| Topical term or geographic name entry element | Retórica |
| Form subdivision | Teoría y ténica |
| 650 #7 - SUBJECT ADDED ENTRY--TOPICAL TERM | |
| Source of heading or term | embne |
| Topical term or geographic name entry element | Ciencias sociales |
| General subdivision | Arte de escribir |
| 655 #7 - INDEX TERM--GENRE/FORM | |
| Source of term | embne |
| Genre/form data or focus term | Ensayos |
| 700 1# - ADDED ENTRY--PERSONAL NAME | |
| Personal name | Pérez, Liliana |
| Relator term | Directora |
| 700 1# - ADDED ENTRY--PERSONAL NAME | |
| Personal name | Rogieri, Patricia |
| Relator term | Directora |
| 942 ## - ADDED ENTRY ELEMENTS (KOHA) | |
| Source of classification or shelving scheme | Universal Decimal Classification |
| Koha item type | Libro de préstamo a domicilio |
| Suppress in OPAC | No |
| Withdrawn status | Lost status | Source of classification or shelving scheme | Damaged status | Not for loan | Collection | Home library | Current library | Date acquired | Source of acquisition | Total checkouts | Full call number | Barcode | Date last seen | Date last checked out | Price effective from | Koha item type |
|---|---|---|---|---|---|---|---|---|---|---|---|---|---|---|---|---|
| Universal Decimal Classification | Colección General | Biblioteca Escuela de Ciencias Sociales | Biblioteca Escuela de Ciencias Sociales | 12/12/2025 | Donación 2023 | 1 | 808:001.81 R438 | 000527 | 02/02/2026 | 17/12/2025 | 12/12/2025 | Libro de préstamo a domicilio |